000
00387nam a22001697a 4500
003
MPLRDC
005
20220104144359.0
008
210129b ||||| |||| 00| 0 eng d
082
_a
528.972 WY
100
_a
本社编
245
_a
太极神功
_c
260
_a
_b
万叶出版社
_c
300
_b
平
490
_a
大众保健丛书
650
_a
太极
942
_c
BK
_o
528.972 WY
999
_c
49046
_d
49036